LEADER 00985nam a2200253 i 4500 001 000000146817 003 CaOOAMICUS 005 20260407122859.0 008 071015s1963 it u000 u ita u 013 $a123715 040 $aSeMil$bita 100 1 $aSteinbeck, John,$d<1902-1968>.$0(OLS)http://semarc/name/15451 240 10$aOf mice and men.$0(OLS)http://semarc/title/214717 245 10$aUomini e topi :$bromanzo /$cdi John Steinbeck ; [traduzione dall'americano di Cesare Pavese]. 250 $a27. Ed. 264 1$aMilano :$bBompiani,$c1963. 300 $a181 p. ;$c21 cm. 700 1 $aPavese, Cesare,$d<1908-1950>.$0(OLS)http://semarc/name/8328 850 $aSeMil 852 $aSeMil$W1$xVenegono$y1$m1T III 76$j240249$B99434$CSeMilBibl$Z2$F107935 $81 961 $aRecupero: Altro 996 $6245$aUomini e topi :$bromanzo$9(OLS)http://semarc/title/458974 996 $6264$aMilano :$bBompiani$9(OLS)http://semarc/publisher/29706